000 00332nam a2200121Ia 4500
005 20260328104316.0
008 260328s9999||||xx |||||||||||||| ||und||
245 0 _aInsurgent Public Space guerrilla Urbanism and the remaking of Contemporary Cities /
260 _bRoutledge
300 _a267 p.
650 _aURBANISMO
942 _cBK
999 _c11143
_d11143